| 000 | 00470nam a22001697a 4500 | ||
|---|---|---|---|
| 005 | 20251108171947.0 | ||
| 008 | 250721s1989 xx 000 0 ara d | ||
| 082 | 1 | 4 | _a154.6/رام |
| 100 | 1 | _aرامسي، د . اولف | |
| 245 | 1 | 0 | _aالنوم / |
| 264 | 1 |
_aبيروت : _bالدار العربية للعلوم، _c1989. |
|
| 300 | _a155ص | ||
| 650 | 1 | 7 | _aالنوم |
| 700 | 1 |
_aأبو السعد، عماد _eترجمة |
|
| 942 |
_2ddc _cBK |
||
| 999 |
_c66958 _d66958 |
||